|
|
|
|
| LEADER |
00000nam a2200000 a 4500 |
| 001 |
UCZ7598 |
| 003 |
CL-VaPUC |
| 008 |
960105e19710000CL |||||||||||||||||spa|d |
| 082 |
0 |
4 |
|a 372.414
|b CEN
|2 21
|
| 110 |
2 |
|
|a Centro de Perfeccionamiento, Experimentación e Investigaciones Pedagógicas
|e author
|9 352564
|
| 245 |
1 |
0 |
|a Por el camino
|
| 300 |
|
|
|a 120 p
|
| 942 |
|
|
|c BK
|
| 945 |
|
|
|d 19960105 00:00:00
|a lriquelm
|
| 260 |
|
|
|a Santiago
|b CPEIP
|c 1971
|
| 650 |
|
0 |
|a Enseñanza de la lectura
|9 308364
|
| 650 |
|
0 |
|a Enseñanza de la escritura
|9 307377
|
| 650 |
|
0 |
|a Métodos de enseñanza
|9 270413
|
| 650 |
|
0 |
|a Educación básica
|9 224933
|
| 583 |
|
|
|a last modification
|c 19960105 00:00:00
|k Rodrigo Vera
|
| 490 |
0 |
|
|a Adelante
|
| 999 |
|
|
|c 243651
|d 243649
|
| 952 |
|
|
|0 0
|1 0
|4 0
|6 372_414000000000000_CEN_1971
|7 0
|8 P
|9 257379
|a BIBEDU
|b BIBEDU
|c BIBEDU_PB
|d 2019-11-19
|i 1613898
|o 372.414 CEN 1971
|p 1613898
|r 2024-01-25
|w 2019-11-19
|y BK
|k EDU
|